River confluences - Statistics

General Stats
  • This quiz has been taken 8 times
  • The average score is 17 of 24
Answer Stats
River City % Correct
Amazon Manaus
100%
Blue Nile Khartoum
100%
Danube Belgrade
100%
Mississippi St. Louis
100%
Missouri St. Louis
100%
Rhône Lyon
100%
Seine Paris
100%
St. Lawrence Montreal
100%
White Nile Khartoum
100%
Yangtze Wuhan
100%
Negro Manaus
88%
Rhine Mainz
88%
Maas Namur
75%
Ottawa Montreal
75%
Dneipr Kyiv
63%
Main Mainz
63%
Sava Belgrade
63%
Marne Paris
38%
Saône Lyon
38%
Desna Kyiv
13%
Han Wuhan
13%
Neman Kaunas
13%
Neris Kaunas
13%
Sambre Namur
13%
No matching quizzes found
Score Distribution
Percent of People with Each Score
Percentile by Number Answered
Your Score History
You have not taken this quiz